Wagner: su vida y sus obras
Guardado en:
| Autor principal: | |
|---|---|
| Formato: | Libro |
| Lenguaje: | español |
| Publicado: |
París
Hispano-Americana
1900
|
| Colección: | Los Grandes Músicos
|
| Materias: | |
| Etiquetas: |
Agregar Etiqueta
Sin Etiquetas, Sea el primero en etiquetar este registro!
|
MARC
| LEADER | 00000nam a2200000 a 4500 | ||
|---|---|---|---|
| 001 | UCN2398 | ||
| 003 | CL-VaPUC | ||
| 008 | 010518e19000000FR |||||||||||||||||spa|d | ||
| 082 | 0 | 4 | |a 780.92 |b VER |2 21 |
| 100 | 0 | |a Vera, Francisco |e author |9 458213 | |
| 245 | 1 | 0 | |a Wagner: su vida y sus obras |
| 300 | |a 191 p | ||
| 942 | |c BK | ||
| 945 | |d 20010518 00:00:00 |a crobeson | ||
| 260 | |a París |b Hispano-Americana |c 1900 | ||
| 600 | 0 | |a Wagner, Wilhelm Richard |9 265759 | |
| 650 | 0 | |a Compositores alemanes |9 324765 | |
| 650 | 0 | |a Ópera alemana |9 306436 | |
| 650 | 0 | |a Romanticismo en la música |9 306753 | |
| 650 | 7 | |a MUSICA SIGLO 19 |2 CL-VaPUC |9 458214 | |
| 583 | |a last modification |c 20010518 00:00:00 |k Rodrigo Vera | ||
| 490 | 0 | |a Los Grandes Músicos | |
| 999 | |c 295500 |d 295498 | ||
| 952 | |0 0 |1 0 |4 0 |6 780_920000000000000_VER_1900 |7 0 |8 A |9 348727 |a BIBEDU |b BIBEDU |d 2019-11-20 |i 1183168 |o 780.92 VER 1900 |p 1183168 |r 2023-01-12 |w 2019-11-20 |y BK |k MUS | ||